Guide to Flow-Aware Networking Quality-of-Service Architectures and Techniques for Traffic Management /

This clearly-written text/reference provides a practical guide to flow-aware networking (FAN), one of the most promising new quality-of-service architectures for the Future Internet. The latest concepts are examined in detail, including coverage of approximate flow-aware networking. The scope and ev...

Πλήρης περιγραφή

Λεπτομέρειες βιβλιογραφικής εγγραφής
Κύριοι συγγραφείς: Domżał, Jerzy (Συγγραφέας), Wójcik, Robert (Συγγραφέας), Jajszczyk, Andrzej (Συγγραφέας)
Συγγραφή απο Οργανισμό/Αρχή: SpringerLink (Online service)
Μορφή: Ηλεκτρονική πηγή Ηλ. βιβλίο
Γλώσσα:English
Έκδοση: Cham : Springer International Publishing : Imprint: Springer, 2015.
Έκδοση:1st ed. 2015.
Σειρά:Computer Communications and Networks,
Θέματα:
Διαθέσιμο Online:Full Text via HEAL-Link
LEADER 03441nam a22004695i 4500
001 978-3-319-24975-9
003 DE-He213
005 20151110061304.0
007 cr nn 008mamaa
008 151105s2015 gw | s |||| 0|eng d
020 |a 9783319249759  |9 978-3-319-24975-9 
024 7 |a 10.1007/978-3-319-24975-9  |2 doi 
040 |d GrThAP 
050 4 |a TK5105.5-5105.9 
072 7 |a UKN  |2 bicssc 
072 7 |a COM075000  |2 bisacsh 
082 0 4 |a 004.6  |2 23 
100 1 |a Domżał, Jerzy.  |e author. 
245 1 0 |a Guide to Flow-Aware Networking  |h [electronic resource] :  |b Quality-of-Service Architectures and Techniques for Traffic Management /  |c by Jerzy Domżał, Robert Wójcik, Andrzej Jajszczyk. 
250 |a 1st ed. 2015. 
264 1 |a Cham :  |b Springer International Publishing :  |b Imprint: Springer,  |c 2015. 
300 |a XVII, 236 p. 124 illus., 26 illus. in color.  |b online resource. 
336 |a text  |b txt  |2 rdacontent 
337 |a computer  |b c  |2 rdamedia 
338 |a online resource  |b cr  |2 rdacarrier 
347 |a text file  |b PDF  |2 rda 
490 1 |a Computer Communications and Networks,  |x 1617-7975 
520 |a This clearly-written text/reference provides a practical guide to flow-aware networking (FAN), one of the most promising new quality-of-service architectures for the Future Internet. The latest concepts are examined in detail, including coverage of approximate flow-aware networking. The scope and evolution of the debate on network neutrality is also discussed. Topics and features: Provides a broad survey of flow-oriented approaches and solutions based on the concept of flows Presents a range of mechanisms for improving transmission performance of streaming flows under congestion Illustrates how problems caused by congestion may be solved in a multilayer environment, proposing new methods for enhancing transmission in wired-wireless FAN Analyzes aspects of fair transmission in FAN, reviewing algorithms that improve transmission of streaming flows during network failures, and investigating the capabilities of FAN in relation to service differentiation Describes the implementation aspects of the cross-protect router, presenting the implementation suite and the first tests results of the developed prototype Concludes each chapter with review questions, with answers provided at the end of the book Offering valuable information for anyone wanting to better understand the basic principles underlying modern networking technology, the Guide to Flow-Aware Networking is essential reading for network engineers and operators interested in the development of the Internet. The work is also eminently suitable as a supplementary textbook for graduate students of computer science and electrical engineering involved in data communications and networking. 
650 0 |a Computer science. 
650 0 |a Computer communication systems. 
650 1 4 |a Computer Science. 
650 2 4 |a Computer Communication Networks. 
650 2 4 |a Information Systems Applications (incl. Internet). 
700 1 |a Wójcik, Robert.  |e author. 
700 1 |a Jajszczyk, Andrzej.  |e author. 
710 2 |a SpringerLink (Online service) 
773 0 |t Springer eBooks 
776 0 8 |i Printed edition:  |z 9783319249735 
830 0 |a Computer Communications and Networks,  |x 1617-7975 
856 4 0 |u http://dx.doi.org/10.1007/978-3-319-24975-9  |z Full Text via HEAL-Link 
912 |a ZDB-2-SCS 
950 |a Computer Science (Springer-11645)